Loghi delle squadre italiane - Serie C - Statistics

Statistiche generali
  • Questo quiz è stato fatto 106 volte
  • Il punteggio medio è 48 su 60
Statistiche sulle risposte
con Immagini Risposta % Corretto
AlbinoLeffe
100%
Vicenza
100%
Atalanta U23
99%
Renate
99%
Trento
99%
FeralpiSalò
98%
Virtus Verona
95%
GianaErminio
94%
Lecco
94%
Lumezzane
94%
Novara
94%
Pergolettese
94%
Pescara
94%
Ternana
94%
Entella
93%
Torres
93%
Triestina
93%
Arezzo
92%
Arzignano Valchiampo
92%
Padova
91%
Ascoli
90%
Perugia
90%
Pianese
90%
Pineto
90%
Rimini
90%
Vis Pesaro
90%
SPAL
89%
Carpi
87%
Catania
87%
Campobasso
86%
Audace Cerignola
85%
Caldiero Terme
85%
Crotone
85%
Sestri Levante
85%
Avellino
84%
Benevento
83%
Potenza
83%
Clodiense
80%
Pro Patria
80%
Legnago
79%
Pro Vercelli
78%
AZ Picerno
77%
Pontedera
75%
Latina
72%
Milan Futuro
72%
Trapani
71%
Casertana
69%
Cavese
69%
Sorrento
69%
Taranto
68%
Messina
67%
Turris
64%
Foggia
62%
Alcione
60%
Team Altamura
54%
Gubbio
53%
Lucchese
49%
Monopoli
44%
Juventus U23
31%
Giuliano
23%
Nessun quiz corrispondente trovato
Distribuzione punteggi
Percentuale di utenti per punteggio
Percentile per numero di risposta
I tuoi punteggi nel tempo
Non hai fatto questo quiz